000 00706cam a2200241I 4500
999 _c4177
_d4177
001 29115
003 GBCCL
005 20241126110513.0
008 780203s1914 pau 000 0 eng
010 _a 14006603
035 _a(OCoLC)03602324
040 _aDLC
_cCSM
_dFDA
049 _aLBBK
050 _aBS2361
_b.S87
082 _a225
_bSTR
092 _bS923
100 1 _aStrong, Augustus Hopkins,
_d1836-1921.
_93994
245 1 0 _aPopular lectures on the books of the New Testament,
_cby Augustus H. Strong.
260 _aPhiladelphia,
_aBoston [etc.]
_bThe Griffith & Rowland Press
_c[1914]
300 _axxiii,398 p.
_c22 cm.
630 0 0 _aBible.
_pN.T.
_xIntroductions.
_921
942 _2ddc
_cBK
_05